Emojis de Banderas - Estadísticas

Estadísticas generales
  • Esta prueba ha sido intentada 41 veces
  • La puntuación promedio es 154 de 259
Estadísticas de respuestas
Imagen Hint Respuesta % Correcto
Argentina
94%
Albania
90%
Andorra
90%
Bélgica
90%
País Australia
87%
Austria
87%
Brasil
87%
Canadá
87%
R. P. China
87%
Alemania
84%
Chile
84%
Colombia
84%
País España
84%
Grecia
84%
Reino Unido
84%
Suiza
84%
Angola
81%
Armenia
81%
Bulgaria
81%
Chipre
81%
Corea del Sur
81%
Croacia
81%
Cuba
81%
Dinamarca
81%
País Francia
81%
Georgia
81%
Israel
81%
Jamaica
81%
Japón
81%
Portugal
81%
República Dominicana
81%
Bangladés
77%
Barbados
77%
Bosnia y Herzegovina
77%
Camerún
77%
Catar
77%
Ecuador
77%
Egipto
77%
Emiratos Árabes Unidos
77%
India
77%
Italia
77%
México
77%
Puerto Rico
77%
Suecia
77%
Turquía
77%
Uruguay
77%
Azerbaiyán
74%
Bolivia
74%
Costa de Marfil
74%
Costa Rica
74%
Eslovaquia
74%
País Estados Unidos
74%
Estonia
74%
Finlandia
74%
Honduras
74%
Irlanda
74%
Macedonia del Norte
74%
Marruecos
74%
Nigeria
74%
País Noruega
74%
Países Bajos
74%
Panamá
74%
Paraguay
74%
Polonia
74%
República Checa
74%
Rusia
74%
Ucrania
74%
Venezuela
74%
Afganistán
71%
Antártida
71%
Antigua y Barbuda
71%
Arabia Saudita
71%
Argelia
71%
Corea del Norte
71%
El Salvador
71%
Eslovenia
71%
Filipinas
71%
Gales
71%
Guatemala
71%
Irán
71%
Kazajistán
71%
Líbano
71%
Malta
71%
Nicaragua
71%
Perú
71%
Rumania
71%
Serbia
71%
Sudáfrica
71%
Vietnam
71%
Baréin
68%
Bielorrusia
68%
Bután
68%
Ciudad del Vaticano
68%
Escocia
68%
Etiopía
68%
Ghana
68%
Haití
68%
Hungría
68%
Inglaterra
68%
Irak
68%
Islandia
68%
Luxemburgo
68%
Nepal
68%
Pakistán
68%
Túnez
68%
Bahamas
65%
Belice
65%
Hong Kong
65%
Indonesia
65%
Kenia
65%
Letonia
65%
Lituania
65%
Moldavia
65%
Montenegro
65%
República Democrática del Congo
65%
San Marino
65%
Siria
65%
Somalia
65%
Tailandia
65%
Trinidad y Tobago
65%
Botsuana
61%
Brunéi
61%
Camboya
61%
Fiyi
61%
Guinea Ecuatorial
61%
Kosovo
61%
Libia
61%
Mauritania
61%
Mónaco
61%
Nueva Zelanda
61%
República Centroafricana
61%
Senegal
61%
Sri Lanka
61%
Taiwán
61%
Uganda
61%
Benín
58%
Burkina Faso
58%
Burundi
58%
Cabo Verde
58%
Ciudades autónomas Ceuta y Melilla
58%
Dominica
58%
E. F. de Micronesia
58%
Eritrea
58%
Gibraltar
58%
Guam
58%
Islas Canarias
58%
Jordania
58%
Laos
58%
Liberia
58%
Liechtenstein
58%
Maldivas
58%
Mongolia
58%
Níger
58%
Palestina
58%
Papúa Nueva Guinea
58%
República del Congo
58%
Santa Lucía
58%
Surinam
58%
Tanzania
58%
Tonga
58%
Turkmenistán
58%
Chad
55%
Guinea
55%
Guyana
55%
Islas Marshall
55%
Kirguistán
55%
Kuwait
55%
Lesoto
55%
Madagascar
55%
Malasia
55%
Malaui
55%
Mozambique
55%
Palaos
55%
Seychelles
55%
Singapur
55%
Uzbekistán
55%
Aruba
52%
Comoras
52%
Esuatini
52%
Gabón
52%
Gambia
52%
Granada
52%
Groenlandia
52%
Isla de Man
52%
Kiribati
52%
Mauricio
52%
Nauru
52%
Omán
52%
San Cristóbal y Nieves
52%
San Vicente y las Granadinas
52%
Sierra Leona
52%
Sudán del Sur
52%
Tayikistán
52%
Timor Oriental
52%
Togo
52%
Vanuatu
52%
Yemen
52%
Zambia
52%
Anguila
48%
Islas Feroe
48%
Mali
48%
Myanmar
48%
Namibia
48%
Ruanda
48%
Sudán
48%
Tuvalu
48%
Yibuti
48%
Zimbabue
48%
Islas Salomón
45%
Islas Vírgenes de los Estados Unidos
45%
Jersey
45%
Mayotte
45%
Sáhara Occidental
45%
Santo Tomé y Príncipe
45%
Bermudas
42%
Guernsey
42%
Guinea-Bisáu
42%
Islas Cocos
42%
Macao
42%
Samoa
42%
Samoa Americana
42%
Curazao
39%
Islas Malvinas
39%
Nueva Caledonia
39%
San Pedro y Miquelón
39%
Bonaire (Caribe Neerlandés)
35%
Guadalupe
35%
Isla de Navidad
35%
Islas Åland
35%
Islas Cook
35%
Ascensión
32%
Isla Diego García
32%
Guayana Francesa
32%
Isla Norfolk
32%
Islas Georgias del Sur y Sándwich del Sur
32%
Islas Pitcairn
32%
Niue
32%
Polinesia Francesa
32%
San Bartolomé
32%
Islas Vírgenes Británicas
29%
Montserrat
29%
Reunión
29%
Sint Maarten
29%
Territorios Australes Franceses
29%
Tokelau
29%
Islas Caimán
26%
Islas Marianas del Norte
26%
Islas Turcas y Caicos
26%
Santa Elena
26%
Martinica
23%
Territorios dependientes Svalbard y Jan Mayen
23%
Dependencia Territorios Británicos del Océano Índico
23%
Wallis y Futuna
19%
Dependencia Isla Bouvet
16%
Territorio externo Islas Heard y McDonald
16%
Tristán de Acuña
16%
Colectividad de ultramar San Martín
13%
Dependencia Isla Clipperton
10%
Territorio insular Islas Menores Alejadas de EE. UU.
3%
No se encontraron pruebas coincidentes
Distribución de puntuación
Porcentaje de gente con cada puntuación
Porcentaje por número respondido
Historial de tus puntuaciones
No has intentado esta prueba.